000 00675nam a2200181Ia 4500
008 090201s9999 xx 000 0 und d
010 _aKPL-71313
040 _bमराठी
041 _aमराठी
082 _a49494
_b71313
100 _aसेतुमाधवराव पगडी
245 _aभारतीय मुसलमान - शोध आणि बोध
_cसेतुमाधवराव पगडी
250 _a3
260 _c2006
_bपरचुरे प्रकाशन मंदिर
300 _a334
_bमध्यम
600 _aभारतीय मुसलमान - शोध आणि बोध
942 _cBOOK
999 _c246051
_d246051